000 00734nam a22002177a 4500
003 UA-OsUOA
001 76419
007 ta
008 20110705b un ||||| |||| 00| 0 ukr d
100 _aДелавинья С.
090 _a330
_bД29
942 _cSA
040 _aUA-OsUOA
_brus
_cUA-OsUOA
_dUA-OsUOA
245 _aПсихология и экономика: результаты эмпирических исследований. Часть 11. Общественно ориентированные предпочтения и нестандартные убеждения
300 _aС.56-75
955 _a0
041 _arus
080 _a330
773 0 _w76417
650 7 _a330 Економіка взагалі
_2UDC
999 _c362722
_d362722